[Event "EU-chT (Men) 13th"]
[Site "Leon"]
[Date "2001.11.14"]
[Round "8.4"]
[White "Narciso Dublan, Marc"]
[Black "Azarov, Sergei Nikolaevich"]
[Result "0-1"]
[WhiteElo "2517"]
[BlackElo "2490"]
[Annotator "Postny,E"]
[PlyCount "80"]
[EventDate "2001.11.06"]
[EventType "team-swiss"]
[EventRounds "9"]
[EventCountry "ESP"]
[SourceTitle "CBM 086"]
[Source "ChessBase"]
[SourceDate "2002.02.05"]
[SourceVersion "1"]
[SourceVersionDate "2002.02.05"]
[SourceQuality "1"]
[WhiteTeam "Spain"]
[BlackTeam "Belarus"]
[WhiteTeamCountry "ESP"]
[BlackTeamCountry "BLR"]

1. e4 e5 2. Nf3 Nc6 3. d4 exd4 4. Nxd4 Bc5 5. Be3 Qf6 6. c3 Nge7 7. g3 {
Other possibilities are: 7.Be2, 7.Nc2 and the main line-7.Bc4.} d5 8. Bg2 dxe4
9. Nb5 $6 {In my opinion this sharp continuation is not the strongest one.} (9.
O-O {- see the game Sutovsky,E-Postny,E /ISR-ch 2000/CBM 81 [Postny]}) (9. Nd2
Bxd4 10. cxd4 Nd5 11. Nxe4 Qe7 12. Qb3 Qb4+ 13. Qxb4 Ncxb4 14. Kd2 O-O 15. Nc3
Nb6 16. b3 Rd8 $11 {Dworakowska,J-Olarasu,G /ch-EUR-Women/Warsaw 2001}) 9...
Bxe3 10. Nxc7+ Kf8 11. fxe3 Rb8 12. Na3 {In most of the preceding games white
played 12.Nd5, for instanse:} (12. Nd5 Qg5 13. Nf4 Qc5 14. O-O g5 15. Nh5 Be6
16. Nd2 Qxe3+ 17. Rf2 Rd8 18. Qe1 Qxe1+ 19. Rxe1 Bxa2 20. Nxe4 h6 $13 {0-1
Klovans,J-Romanishin,O/Odessa 1974/EXT 99 (41)}) 12... h5 $6 $146 (12... Qe5
13. Ncb5 Nf5 14. Qe2 h5 15. Nd4 Rh6 16. O-O h4 17. Nc4 Qd5 18. g4 Nfxd4 19.
exd4 Bxg4 20. Qxg4 Qxc4 21. Bxe4 Re8 22. Rfe1 Nxd4 23. cxd4 Qxd4+ 24. Kh1 Rhe6
25. Rad1 Qb4 26. Qh5 Rxe4 27. Qh8+ Ke7 28. Qxh4+ Kf8 {1/2-1/2 Vinklarek,V-Boom,
WH /corr 1991}) 13. Nc4 {[%csl Yd6]} (13. Ncb5 Bg4 14. Qd6 Rh6 15. Qxf6 Rxf6
16. Nc2 $11 (16. Nc4 Nd5 $15) (16. Bxe4 Re6)) 13... Bg4 14. Qd6 Rh6 (14... Qxd6
15. Nxd6 Rd8 16. Nxe4 $14) 15. Qxf6 Rxf6 16. Bxe4 a6 17. h3 $2 (17. Rf1 Rxf1+
18. Kxf1 Rd8 {[%csl Rc7]} 19. Ke1 $14 {Black will not be able to capture the
Nc7 since after Rd7 white comes with Na8 and then Na8-b6.}) 17... Bf3 18. Bxf3
Rxf3 19. O-O-O $6 ({White should have been tried to drive out black's R from
his active position.} 19. Ke2 Rxg3 20. Kf2 Rg6 $15 {[%csl Re3,Rh3]}) 19... Rxg3
{Black managed to level the number of pawns and has now the positional
advantage, because white's kingside pawns are very vulnerable.} 20. e4 Rd8 21.
Rxd8+ Nxd8 22. a4 $2 {It seems, that white did not feel the danger of his
position.} (22. Kd2 h4 23. Ne5 {[%csl Ye6,Yf4,Yg6]}) (22. Kc2 h4 23. Rd1 Ndc6
24. Rd3) 22... h4 {[%csl Rh3,Gh4]} 23. Kc2 $2 {Again 23.Ne5 was better
guarding the g6 square.} Ng6 $19 {In only a few moves the evaluation of the
endgame transformed from better for white to a winning for black!} 24. Nd5 Ne6
{White can not save the Ph3 and his counterplay on the queenside is not
sufficient.} 25. Nd6 Ngf4 26. Nxf4 Nxf4 27. Nxb7 Rxh3 {Now black's passed
pawns will decide the game in his favour.} 28. Rf1 Rh2+ 29. Kb3 Nd3 {Black has
a pawn up and better piece coordination.} 30. Kc4 Nxb2+ 31. Kd5 Rd2+ 32. Kc6 h3
33. Nc5 (33. Nd6 h2 $19) 33... h2 34. Rh1 g5 {White could resign already. The
fight continued a few moves more...} 35. e5 g4 36. Ne4 Rg2 37. a5 Nd3 38. Kb7
Nf2 39. Nxf2 Rxf2 40. Kxa6 g3 0-1

[Event "Grand Slam Final 1st"]
[Site "Bilbao"]
[Date "2008.09.10"]
[Round "8"]
[White "Anand, Viswanathan"]
[Black "Aronian, Levon"]
[Result "0-1"]
[WhiteElo "2798"]
[BlackElo "2737"]
[Annotator "Postny,E"]
[PlyCount "150"]
[EventDate "2008.09.02"]
[EventType "tourn"]
[EventRounds "10"]
[EventCountry "ESP"]
[EventCategory "21"]
[SourceTitle "CBM 126"]
[Source "ChessBase"]
[SourceDate "2008.10.01"]
[SourceVersion "1"]
[SourceVersionDate "2008.10.01"]
[SourceQuality "1"]

1. e4 e5 2. Nf3 Nc6 3. d4 exd4 4. Nxd4 Bc5 5. Nxc6 Qf6 6. Qf3 {This move has
become popular in recent years and pushed aside the previous main line 6.Qd2.
After the exchange of queens White often gets a slightly preferable position
without any risk.} bxc6 {The best recapture. I myself played 6...dxc6 and it
was a long fight for me to squeeze half a point.} (6... dxc6 7. Qxf6 Nxf6 8. f3
Be6 9. Nd2 O-O-O 10. Nb3 Bb6 11. Bd2 Nd7 12. Bc3 f6 13. Nd4 Bxd4 14. Bxd4 c5
15. Be3 b6 16. O-O-O $14 {1/2-1/2 Nataf,I (2564)-Postny,E (2571)/Germany 2006/
CBM 111 (43)}) 7. Nd2 d6 8. Nb3 Bb6 9. a4 a5 10. Bd2 Qxf3 (10... Qxb2 $4 11.
Bc3 Qxc2 12. Bxg7 Bg4 13. Rc1 $1 Qxc1+ 14. Nxc1 Bxf3 15. gxf3 $18) 11. gxf3 Ne7
12. Rg1 {The opened g-file is a reward for White's spoiled pawn structure.} O-O
{Aronian deviates from his own game versus Radjabov which was played just few
rounds before.} (12... Ng6 13. Be3 Bxe3 14. fxe3 Ne5 15. Be2 g6 16. f4 Nd7 17.
Bf3 c5 18. e5 Ra7 19. exd6 cxd6 20. Nd2 Nb6 21. Ne4 Ke7 {1/2-1/2 Radjabov,T 
(2744)-Aronian,L (2737)/Bilbao ESP 2008/The Week in Chess 722 (34). Black is
slightly worse, but he managed to hold it relatively easily.}) 13. Be3 {
Exchanging Black's active bishop.} Bxe3 {This exchange improves White's pawn
structure. However, if Black makes another move, after the exchange on b6 he
might get a permanent weakness on d6.} 14. fxe3 c5 15. O-O-O Bb7 {I think that
it is more precise to put the bishop on e6.} (15... Be6 {Now I assume that
White should keep his knight. In Black will exchange on b3, he will solve all
his problems, as White's queenside pawn structure will be damaged as well.} 16.
Nd2 f5 17. f4 Rf6 $11 {[%cal Gf6h6]}) 16. Bb5 Bc6 (16... f5 $6 17. e5 $1 Rfd8 (
17... Bxf3 18. exd6 cxd6 19. Rxd6 $16 {[%csl Ra5,Rc5]}) 18. Bc4+ Kh8 19. e4 $1
fxe4 $140 20. fxe4 Bxe4 21. exd6 cxd6 22. Rge1 d5 23. Nxc5 Bxc2 24. Kxc2 Rdc8
25. Rxe7 Rxc5 26. Rxd5 Rxc4+ 27. Kb3 Rcc8 28. Ree5 $16 {[%csl Ra5]}) 17. e5
Rfd8 18. exd6 cxd6 {Now White has a target, the Pd6.} 19. Bxc6 (19. e4 f6 (
19... Bxb5 $6 20. axb5 {followed by c2-c4 would give White a strong defended
passed pawn.}) 20. c4 Kf7 21. Rg2 {[%csl Rd6][%cal Gg2d2] This endgame might
be a torture for Black due to permanent weakness on d6.}) 19... Nxc6 20. Nd2 {
[%cal Gd2c4,Gd2e4]} d5 21. Nb3 c4 22. Nd4 Nb4 {Aronian decides to keep the
knights on the board.} ({A worthy alternative would have been} 22... Nxd4 23.
Rxd4 Re8 24. Kd2 Re5 {with a slightly worse but defendable position.}) 23. Nb5
g6 (23... Ra6 $6 24. e4 Rh6 25. Rg2 {[%cal Gg2d2] The pin along the d-file is
unpleasant for Black.}) 24. Rg4 $1 $14 Rdc8 25. e4 {White has to break Black's
pawn chain in order to make the Pc4 a target.} h5 26. Rf4 dxe4 27. Rxe4 Rc5 28.
f4 ({After} 28. Rdd4 Rg5 29. Rxc4 Rg2 30. h4 Rd8 31. b3 Rdd2 {Black's activity
compensates the lack of a pawn.}) 28... Ra6 29. Rd8+ Kg7 30. Rd7 Rd5 31. Rc7
Na2+ 32. Kb1 Nb4 33. Nd4 {Obviously, White has good grounds to play for more
than a repetition of moves.} Rf6 (33... Rad6 34. c3 Nd3 35. Rxc4 $16) 34. Rxc4
{[%tqu "En","How should Black continue?","","","d5g5","With help of this
tactical trick Black's rook is getting access to white's weak kingside pawns.",
5]} Rg5 $1 {With help of this tactical trick Black's rook is getting access to
White's weak kingside pawns.} 35. b3 Rg4 36. Ne2 $2 {The turning point in the
game.} (36. Nf3 $1 {Protecting both Ph2 and Pf4.} Nd5 ({Probably better is:} 
36... Rg2 {but, White has good chances to be on top after} 37. Re5 Rf2 38. Rxa5
Nxc2 39. Rxc2 Rxf3 40. Rb5 R3xf4 41. a5) 37. Rc5 Nxf4 38. Rxa5 Nd3 39. Re3 Nf2
40. Rc5 Rg2 (40... Nd1 41. Re1 Rxf3 42. Rxd1 $18) 41. b4 Ng4 42. Rb3 Rf2 43.
Ng5 Nxh2 44. b5 $18) 36... Rh4 {[%csl Rh2]} 37. Rc5 Rxh2 38. Rxa5 h4 {[%csl
Gh4] Black is a pawn down; however, in this position not the quantity but the
quality of pawns is more important.} 39. Rg5 Rf2 40. Rxb4 Rxe2 41. f5 $2 {
The decisive mistake.} ({After} 41. Re5 $2 Rxe5 42. fxe5 Rf1+ 43. Kb2 g5 $19 {
Black's pawns are faster than the white ones.}) (41. Rg1 $1 {was the correct
move. The position is very sharp however, it seems that a draw would be a
correct result in this case. Here are few sample variations:} h3 42. Rh1 h2 43.
a5 Ra6 (43... Rg2 44. Kb2 Rd6 45. Ra4 Rdd2 46. b4 Rxc2+ 47. Kb3 Rb2+ 48. Kc3
Rbc2+ (48... Rg1 49. Ra1 $11) 49. Kb3 $11) 44. Ra4 Kf6 45. b4 Rc6 46. a6 Rexc2
47. a7 Rc1+ 48. Rxc1 Rxc1+ 49. Kxc1 h1=Q+ 50. Kb2 {and Black does not have
more than a perpetual check.}) 41... h3 42. Rh4 h2 {White's rook is stuck on
g5 and can't help the other rook in the defence.} 43. Kb2 Rc6 44. fxg6 fxg6 45.
Ka3 Rcxc2 46. Rg3 {White is not able to avoid the small tactical trick that
will promote the black pawn.} (46. Rgg4 Rc1 $19 {[%cal Gh2h1]}) 46... Ra2+ 47.
Kb4 {[%tqu "En","Please enter a move for Black.","","","e2e4","This is the
trick.",3]} Re4+ $1 {This is the trick.} 48. Rxe4 h1=Q {White could already
resign, but Anand decided to fight until the bitter end.} 49. Reg4 Qb7+ 50. Ka5
Qd5+ 51. Kb4 Qd6+ 52. Kb5 Qb8+ 53. Ka5 Rf2 54. Rxg6+ Kf7 55. Rg7+ Ke6 56. R7g6+
Kd5 57. R6g5+ Kd4 58. b4 Rf4 59. Rg1 Rf3 ({More precise play would have been} 
59... Qa7+ 60. Kb5 Qb7+ 61. Ka5 Kc4 62. Rc5+ Kb3 63. Rg3+ Kb2 $19) 60. Rc5 Qa8+
61. Kb5 Rf6 62. Rd1+ Ke3 63. a5 Qe8+ 64. Kc4 Qa4 65. Rd3+ Ke2 66. Re5+ Kf1 {
No more checks for White.} 67. Red5 Qc2+ 68. Rc3 Rf4+ 69. Rd4 Qa2+ 70. Kc5 Rf5+
71. Kb6 Qe6+ 72. Kb7 Rb5+ 73. Kc7 Qe7+ 74. Kc6 Qb7+ 75. Kd6 Rh5 {A pity for
Vishy Anand to spoil such a promising position.} 0-1

[Event "Skopje op 18th"]
[Site "Skopje"]
[Date "2002.01.22"]
[Round "8"]
[White "Dworakowska, Joanna"]
[Black "Onischuk, Alexander"]
[Result "1-0"]
[WhiteElo "2441"]
[BlackElo "2655"]
[Annotator "Postny,E"]
[PlyCount "83"]
[EventDate "2002.01.15"]
[EventType "swiss"]
[EventRounds "9"]
[EventCountry "MKD"]
[SourceTitle "CBM 088"]
[Source "ChessBase"]
[SourceDate "2002.03.21"]
[SourceVersion "1"]
[SourceVersionDate "2002.03.21"]
[SourceQuality "1"]

1. e4 e5 2. Nf3 Nc6 3. d4 exd4 4. Nxd4 Bc5 5. Be3 Qf6 6. c3 Nge7 7. g3 {
This move is one of the side lines. The main line goes with 7.Bc4.} d5 8. Bg2
Bxd4 ({More popular is} 8... dxe4 {- see the recent games: Sutovsky,E-Postny,E
/ISR-ch 2000/CBM 81 [Postny] and Narciso Dublan,M-Azarov,S /EU-chT 2001/CBM 86
[Postny]}) 9. cxd4 dxe4 10. Nc3 Bf5 ({Possible alternative} 10... O-O 11. Nxe4
Qg6 {was played in several games.}) 11. d5 $5 ({Most of the games continued
with:} 11. Nxe4 Bxe4 12. Bxe4 O-O-O (12... Qe6 13. Bg2 Qc4 14. Rc1 Qa6 15. Qe2
Qxe2+ 16. Kxe2 O-O-O $11 {0-1 Gheorghiu,F-Romanishin,O/Leningrad 1977/MCL (38)}
) 13. O-O (13. d5 $2 Nxd5 14. Qg4+ Kb8 15. O-O Ne5 16. Qe2 Nxe3 17. Qxe3 c6 $17
{0-1 Ligterink,G-Kortschnoj,V/Leeuwarden 1977/EXT 98 (40)}) (13. Qb3 Qe6 14.
Qxe6+ fxe6 15. O-O-O Nd5 $11 {0-1 Baum,B-Krasenkow,M/Vienna 1990/CBM 21 (33)})
13... Nxd4 14. Qa4 Nec6 15. Kh1 Rhe8 16. Bg2 $44 {1-0 Madeira,W-Van Riemsdijk,
H/Recife 1991/EXT 99 (27)}) 11... O-O-O $146 (11... Ne5 12. Qa4+ c6 13. O-O
Nf3+ 14. Kh1 b5 15. Qb3 a6 16. dxc6 Qxc6 17. Qb4 $36 {1-0 Santos,M-De Souza,M/
Americana 2000/EXT 2001 (65)}) 12. Qb3 Nd4 $6 {This move leads more or less by
force to an endgame, which is slightly favourable for white.} ({Risky, but
probably the most tough continuation is} 12... Ne5 {[%csl Rd3]} 13. Nxe4 Qg6
14. Nc5 b6) 13. Qa4 {[%csl Ra7,Rd4]} Nf3+ 14. Bxf3 exf3 15. Qxa7 Qa6 16. Qxa6
bxa6 17. O-O-O $14 Bg6 {[%cal Ye7f5]} ({After} 17... Rd7 18. Bc5 Rhd8 {white
gets a favourable exchange by} 19. Bxe7 Rxe7 20. Rhe1 $16 {[%csl Rf3]}) 18. Bc5
Nf5 19. Rhe1 f6 $6 {[%csl Re6] Strange and dubious move as well. It's unclear,
why Onischuk rejected the "automatic" 19...Rhe8.} (19... Rhe8 $142) 20. Rd3 $6
({Looks attractive for white:} 20. Re6 Nd6 21. Rde1) 20... Nxg3 {[%csl Rd3]}
21. Rxf3 Nf5 {It's clear, that the last pawns exchange was favourable for
black, because now white's pawnstructure has defects as well. Nevertheless
white is still in possesion of the initiative.} 22. Rf4 Kd7 23. h4 {[%cal
Gh4h5]} Nd6 24. Rg1 {[%csl Rg7][%cal Gh4h5]} Rhg8 25. Rfg4 Kc8 26. Ra4 (26. h5
Bxh5 27. Rxg7 Rxg7 28. Rxg7 Rd7 $11) 26... Bd3 (26... Kb7 27. Rgg4 $1 {[%cal
Gg4b4]}) 27. Rg3 (27. Rd1 $142 Bb5 28. Nxb5 axb5 29. Ra5 Rge8 30. Bxd6 Rxd6 31.
Rxb5 $14) 27... Bf1 28. Rg1 Bb5 {A.Onischuk avoides the repetition of the
position after 28...Bd3. He was probably concerned about 29.Rd1 (see the
previous comment), but I think, that he was playing for a win, because the
difference in the ratings is too big...} 29. Nxb5 axb5 30. Ra8+ Kd7 31. Rxd8+
Kxd8 32. Bxd6 cxd6 {The RR endgame is materially equal and should be end in a
draw. However Onischuk managed to lost this endgame in a few moves!} 33. Kd2 g5
34. Kc3 g4 $2 {Ignoring completely white's ideas.} (34... Kc7 35. Kb4 Ra8 36.
hxg5 fxg5 37. a3 h6 38. Rh1 Rf8 39. Rxh6 Rxf2 $11) 35. Kb4 f5 $6 (35... Kc7 {
looks better, but after} 36. b3 Kb6 37. Rc1 {white should win.}) 36. Kxb5 {
[%csl Ga2,Gb2]} Kd7 (36... Re8 {was better practical chance, but white is
winning in any case:} 37. b4 Re2 38. a4 Rxf2 39. a5 Kc7 40. a6 $18) 37. b4 $18
Re8 38. a4 Re2 39. Rf1 {Preventing the only counterplay.} Rd2 40. a5 {White's
pawns are unstopable} Rxd5+ 41. Kb6 Rd2 42. a6 {Very poor endgame play by
Onischuk.} 1-0

[Event "ESP-chB"]
[Site "Seville"]
[Date "2004.08.17"]
[Round "5"]
[White "De la Riva Aguado, Oscar"]
[Black "Oms Pallisse, Josep"]
[Result "0-1"]
[WhiteElo "2552"]
[BlackElo "2518"]
[Annotator "Postny,E"]
[PlyCount "54"]
[EventDate "2004.08.03"]
[EventType "tourn"]
[EventRounds "5"]
[EventCountry "ESP"]
[EventCategory "10"]
[SourceTitle "CBM 103"]
[Source "ChessBase"]
[SourceDate "2004.11.11"]
[SourceVersion "1"]
[SourceVersionDate "2004.11.11"]
[SourceQuality "1"]

1. e4 e5 2. Nf3 Nc6 3. d4 exd4 4. Nxd4 Bc5 5. Be3 Qf6 6. c3 Qg6 ({More popular
theoretical line is} 6... Nge7) 7. Nf5 $2 {This move appeared hardly few times
in practice. I am sure that white was aware of a pawn sacrifice, but simply
overestimated his chances. White does not have such a great development to
play in a gambit style.} ({The main continuations for white are} 7. Nd2) ({and
} 7. Qf3) 7... Bxe3 8. Nxe3 Qxe4 9. Bd3 (9. Nd2 Qe7 10. Qg4 g6 11. Qg3 d6 12.
Bb5 Nf6 13. O-O-O O-O $15 {1/2-1/2 Szieberth,A-Lukacs,P/Budapest 2000/CBM 79
ext (41)}) 9... Qe5 $146 (9... Qe7 10. O-O d6 11. Nd5 Qd8 12. Re1+ Nge7 13. Qh5
h6 14. Nd2 O-O 15. Nxe7+ Nxe7 $17 {0-1 Winkels,M-Vasta,E/Dos Hermanas 2004/CBM
99 ext (26)}) 10. O-O Nge7 {The question is: is this the position white was
striving to, sacrificing a pawn?} 11. Na3 (11. Re1 O-O 12. Nf5 Qf6 13. Nxe7+
Nxe7 $17) 11... d5 12. Re1 Be6 {White can not exploit the vulnerable position
of black's queen.} 13. b4 {White is desperately looking for an objects to
attack.} O-O (13... Qxc3 $4 14. Nb5 Qe5 15. Nf1 Qf4 16. g3 $18 {[%csl Rc7]}) ({
Also good for black is} 13... Qf6 14. Nb5 Rc8) 14. b5 {Throwing all into the
battle, but it's hard to give a better advice for white.} Qxc3 $1 15. bxc6 Qxa3
16. cxb7 Rab8 17. Rb1 (17. Qc2 Rxb7 18. Bxh7+ Kh8 {and white has no threats at
all.}) 17... c5 {[%csl Gc5,Gd5] Black is controlling the centre.} 18. Rb3 Qa5 {
It was also possible to grab the pawn on a2, but the move in the text is safe
enough.} 19. Rb5 Qc7 20. Qc2 c4 {Black does not really care about the Ph7,
it's more important to keep the connected passers in the centre.} 21. Nxc4 {
This tactical attempt does not work, but white is lost anyway.} (21. Bxh7+ Kh8
22. Nf5 Rxb7 $19) {[%tqu "En","Find the winning move for black.","","","a7a6",
"Without this move white could get back into the game, but now it's all over
for him.",10,"d5c4","",0]} 21... a6 $1 {Without this move white could get back
into the game, but now it's all over for him.} (21... dxc4 $4 22. Bxh7+ Kh8 23.
Rh5 {and suddenly white is on top.}) 22. Rb3 dxc4 23. Bxh7+ Kh8 24. Re4 Qa5 25.
Rbe3 Nf5 26. Rh3 Nh6 27. g4 Rxb7 0-1

[Event "Olympiad-36"]
[Site "Mallorca"]
[Date "2004.10.18"]
[Round "4"]
[White "Nedev, Trajce"]
[Black "Shirov, Alexei"]
[Result "1/2-1/2"]
[WhiteElo "2528"]
[BlackElo "2726"]
[Annotator "Postny,E"]
[PlyCount "64"]
[EventDate "2004.10.15"]
[EventType "team-swiss"]
[EventRounds "14"]
[EventCountry "ESP"]
[SourceTitle "CBM 104"]
[Source "ChessBase"]
[SourceDate "2005.01.27"]
[SourceVersion "1"]
[SourceVersionDate "2005.01.27"]
[SourceQuality "1"]
[WhiteTeam "Macedonia"]
[BlackTeam "Spain"]
[WhiteTeamCountry "MKD"]
[BlackTeamCountry "ESP"]

1. e4 e5 2. Nf3 Nc6 3. d4 exd4 4. Nxd4 Bc5 5. Be3 Qf6 6. c3 Nge7 7. Bc4 b6 $5 {
A rare, but playable line. Black is preparing castling to the queenside.} 8.
O-O (8. Qd2 {1-0 Hector,J-Brinck Claussen,B/Copenhagen 2002/CBM 88 [Postny,E] 
(24)}) 8... Bb7 9. f4 {White is trying to take control over the centre.
Black's queen on f6 might feel uncomfortable as well.} ({More popular line is:
} 9. Nb5 O-O-O 10. Bxc5 bxc5 11. Nd2 {0-1 Kristjansson,S-Shirov,A/Reykjavik
2003/CBM 94 [Postny,E] (33)}) 9... O-O-O 10. b4 ({In the same olympiad, few
rounds later white tried:} 10. e5 Qh6 11. Qe2 {0-1 Zelcic,R-Goldin,A/Mallorca
2004/CBM 104 [Postny,E] (61)}) 10... Bxd4 {This continuation appeared only
once, but i guess that this line was prepared by Shirov.} (10... Nxd4 11. bxc5
Ne6 12. Qa4 {1-0 Nedev,T-Azarov,S/Ohrid 2001/CBM 84 [Postny,E] (23)}) 11. cxd4
Nxb4 12. a3 $146 (12. d5 Nbxd5 13. exd5 Nf5 14. Bf2 Qxa1 15. g4 Qf6 16. gxf5
Qxf5 17. Nc3 h5 18. Bd4 Rhg8 19. Bd3 Qg4+ 20. Qxg4 hxg4 21. Bf5 Ba6 {1/2-1/2
Gushpit,I-Bezman,V/Yalta 1996/EXT 98 (21)}) 12... Nbc6 13. Nc3 {White is a
pawn down, but his compensation is quite obvious. Black must act decisively,
otherwise he will be simply squashed by white's central pawns.} d5 (13... Na5
$6 14. Bd3 $36) 14. Nxd5 Nxd5 15. Bxd5 Rxd5 $1 {[%mdl 512] The point of 13...
d5. At a price of the exchange black is breaking white's pawns chain in the
centre and getting control over the light squares.} 16. exd5 Ne7 17. Qg4+ Qf5
18. Qxf5+ (18. Qxg7 $2 Rg8 19. Qe5 Qh3 $1 20. Rf2 (20. Ra2 Nxd5 21. Bc1 (21. g3
f6 $1 22. Qe4 Nc3 $19) 21... Nc3 $19 {[%csl Ra2,Rg2]}) (20. g3 Rxg3+ 21. hxg3
Qxg3+ 22. Kh1 Bxd5+ $19) 20... Nxd5 21. g3 (21. Bc1 Nxf4 $1 $19 {[%csl Rg2]})
21... f6 22. Qe4 Nc3 23. Qc2 Rxg3+ {mating.}) 18... Nxf5 19. Bf2 Kd7 20. Rfe1
f6 {Covering e5 square.} 21. g4 Nd6 22. Re3 Bxd5 {Black has full compensation
for the exchange, but it is not sufficient for more than equality.} 23. Rae1
Re8 24. f5 {I would prefer here the exchange of rooks, but objectively
speaking, it does not change the evaluation of the position as equal.} Ne4 25.
Rc1 a5 26. Bg3 c6 27. Rb1 b5 28. Be1 $1 {This manoeuvre allows white to block
black's queenside pawns.} a4 29. Bb4 g6 30. Rf1 Ng5 31. Kf2 Ne4+ 32. Kg1 Ng5
1/2-1/2